000 00597nam a22001817a 4500
003 OSt
005 20260224045402.0
008 260224b |||||||| |||| 00| 0 eng d
020 _a971-8966-98-3.
040 _aDWC-Main lib
_cOC
082 _22007 edition
_aFil. 658.1511 C117m 2007
100 _aCabrera, Ma. Elenita B.
245 _aManagement accounting :
_bconcepts and applications
_cMa. Elenita B. Cabrera
260 _aManila :
_bGIC Enterprises & Co., Inc.,
_cc2007.
300 _axx, 1022 pages ;
_c23 cm.
650 _a1. Management accounting.
942 _2ddc
_cBK - FIL
_e2007 ed.
_kFil.
_n0
999 _c8515
_d8515